Statistics for Top 5 Sacramento Kings Players Per Position

Click here to take the quiz!

General Stats

  • This quiz has been taken 84 times
    (38 since last reset)
  • The average score is 12 of 25

Answer Stats

Position#PlayerWS% Correct
PG1Oscar Robertson154.2
94%
PF2Chris Webber45.5
86%
C5DeMarcus Cousins35.3
86%
SF2Peja Stojaković59.8
83%
C4Vlade Divac39.4
83%
PG5De'Aaron Fox29.6
77%
PG4Mike Bibby42.9
77%
SG2Mitch Richmond50.4
66%
PG2Nate Archibald53.7
60%
PF1Jerry Lucas57.8
51%
SF4Arnie Johnson39.3
46%
SF5Eddie Johnson28.4
46%
SG3Doug Christie32.8
43%
SF1Jack Twyman75.0
37%
SG4Adrian Smith30.9
34%
C3Brad Miller39.5
31%
SG5Kevin Martin30.8
31%
C1Sam Lacey50.4
29%
PG3Bob Davies49.7
17%
PF5Otis Thorpe26.0
17%
C2Arnie Risen48.9
14%
SG1Bobby Wanzer63.9
14%
SF3Scott Wedman43.8
14%
PF4Johnny Green26.8
11%
PF3Jack Coleman38.0
3%

Score Distribution

Percentile by Number Answered

Percent of People with Each Score

Your Score History

You have not taken this quiz since the last reset